000
00346nam a2200169Ia 4500
100
_a
Uyemura/John P
650
_a
CMOS
942
_c
BK
366
_f
25
654
_a
Logic circuit
245
_a
CMOS logic circuit design
260
_b
Springer
_c
2001
082
_a
621.3815
_b
UYE
300
_a
528
546
_a
ENGLISH
_c
TTL
999
_c
30319
_d
30319